| 000 | 00903nam a2200217Ia 4500 | ||
|---|---|---|---|
| 003 | GCL | ||
| 008 | 140319s9999 xx 000 0 ara d | ||
| 040 |
_aGCL / _cGCL |
||
| 082 | 0 | 4 |
_a796.1 _bو م |
| 100 | 1 | _aمركز الاهرام للترجمة والنشر | |
| 245 | 1 | 0 |
_aموسوعة جوفى الرياضية الالعاب الاولمبية - الالعاب النزالية - السباحة والغطس / _cمركز الاهرام للترجمة والنشر |
| 700 | 1 | _aديزنى، والت | |
| 260 |
_aالقاهرة : _bمركز الاهرام للترجمة والنشر ، _c1983 |
||
| 300 |
_aمتعدد ؛ _c24 سم |
||
| 490 |
_aموسوعة جوفى الرياضية _v0 |
||
| 650 | 0 | 4 | _aالرياضة البدنية |
| 650 | 0 | 4 | _aالالعاب الرياضية |
| 650 | 0 | 4 | _aالالعاب الرياضية للاطفال |
| 650 | 0 | 4 | _aالسباحة |
| 942 |
_2ddc _cBK |
||
| 999 |
_c31205 _d31205 |
||